Mỹ điều chỉnh chính sách kinh tế
Shranjeno v:
| Glavni avtor: | |
|---|---|
| Format: | Knjiga |
| Izdano: |
Khoa học xã hội
2003
|
| Oznake: |
Označite
Brez oznak, prvi označite!
|
| Thư viện lưu trữ: | Mạng thư viện Đại học Đà Nẵng |
|---|
| LEADER | 00577nam a2200229 a 4500 | ||
|---|---|---|---|
| 001 | 000029362 | ||
| 003 | 19479 | ||
| 005 | 20171030145630.0 | ||
| 008 | 171030s2003 | ||
| 020 | |c 38000 | ||
| 040 | |a LTT | ||
| 082 | 0 | |a 330.97 |b NG-S | |
| 100 | 1 | |a Nguyễn Thiết Sơn | |
| 245 | 0 | 0 | |a Mỹ điều chỉnh chính sách kinh tế |c Nguyễn Thiết Sơn. |
| 260 | |b Khoa học xã hội |c 2003 | ||
| OWN | |a LTT | ||
| 999 | |a From the UDN01 | ||
| TYP | |a Monograph | ||
| TYP | |a Printed language | ||
| 980 | |a Mạng thư viện Đại học Đà Nẵng | ||